| 000 | 00000nam##2200000za#4500 |
| 001 | 9.631691 |
| 003 | CaOODSP |
| 005 | 20210624214440 |
| 007 | cr ||||||||||| |
| 008 | 150407|1997||||xxc|||||o f|0| 0 fre|d |
| 040 | |aCaOODSP|bfre |
| 043 | |an-cn--- |
| 086 | 1 |aH39-252/1997F-PDF |
| 110 | 1 |aCanada. |bSanté Canada. |
| 245 | 13|aLe guide alimentaire canadien pour manger sainement à l'intention des quatre ans et plus |h[ressource électronique] |
| 260 | |aOttawa - Ontario : |bSanté Canada |cc1997. |
| 300 | |a2p.|bill. en couleur |
| 500 | |aLe n° de catalogue (H39-252/1992F) et l'ISBN (0-662-97564-2) imprimés dans cette publication sont incorrects. |
| 590 | |a10-01-Supp|b2010-04-07 |
| 691 | 07|aAlimentation|2gcpds |
| 775 | 08|tCanada's food guide to healthy eating for people four years and over |w(CaOODSP)9.687234 |
| 856 | 40|ahttp://publications.gc.ca|qPDF|s10874|uhttps://publications.gc.ca/collections/Collection/H39-252-1997F.pdf |